| 000 | 00826nam a22003017a 4500 | ||
|---|---|---|---|
| 001 | BR9701794 | ||
| 003 | BR-BrBNA | ||
| 005 | 20230928095356.0 | ||
| 007 | ta | ||
| 008 | 230509b bl.||||| |||| 00| 0 por d | ||
| 040 |
_aBR-BrBNA _bpor _cBiblioteca Nacional de Agricultura |
||
| 041 | _a(Por) | ||
| 072 |
_aF01; F04 _b1000 |
||
| 090 | _ 1000 BR9701794 | ||
| 110 | 1 |
_aQuimica Industrial Brasileira S.A., Santo Andre, SP (Brasil). Depto. Tecnico Agricola _98118 |
|
| 245 | 1 | _aCitrus do plantio a colheita | |
| 260 | 3 |
_aSanto Andre, SP (Brasil): _c[nd]. |
|
| 300 | _a56 p. | ||
| 500 | _a9 tables | ||
| 650 | _aFruta Citrica | ||
| 650 | _aPratica Cultural | ||
| 650 | _aAdubacao | ||
| 650 | _aPlantio | ||
| 650 | _aColheita | ||
| 650 | _aDoenca de Planta | ||
| 909 |
_a202309 _bLucia _c55 _dLucia Elande |
||
| 942 | _cBK | ||
| 999 |
_c56193 _d56193 |
||